00246nam a2200097Ia 4500008004100000082001600041100002300057245002800080260002000108600002000128241002s9999 xx 000 0 und d a335.422 DAN aDaniels, Robert V. 4aThe Nature of Communism aNew York:c1962 aSocial Sciences